000
00238nam a2200097Ia 4500
008
190902s9999||||xx |||||||||||||| ||und||
100
_a
Dianna B. Crowe
245
0
_a
How To Talk Money
260
_a
India
_b
The McGraw-Hill
_c
1984
942
_c
BK
999
_c
2708
_d
2708